Science Quiz

Random Science or Chemistry Quiz

Element per Period/Group Quiz Stats

 Plays Quiz Updated Nov 30, 2016

Challenge
Share
Tweet
Embed
Score 0/25 Timer 03:00
0 Plays Today
Element % Correct
PeriodHydrogen, Helium
98.9%
PeriodLithium, Beryllium...
95.8%
PeriodSodium, Magnesium...
86.1%
PeriodPotassium, Calcium...
81.6%
GroupHydrogen, Lithium...
79.3%
GroupBeryllium, Magnesium...
73.4%
Period Rubidium, Strontium...
72.6%
Period Cesium, Barium...
72.6%
Period Francium, Radium...
61.4%
Group Helium, Neon...
61.3%
Group Oxygen, Sulfur...
57.6%
Group Carbon, Silicon...
57.6%
Group Fluorine, Chlorine...
56.3%
Element % Correct
Group Nitrogen, Phosphorus...
56.2%
Group Boron, Aluminum...
52.9%
Group Copper, Silver...
48.1%
Group Zinc, Cadmium...
40.8%
GroupIron, Ruthenium...
39.8%
GroupScandium, Yttrium
38.6%
GroupTitanium, Zirconium...
36.5%
Group Nickel, Palladium...
36%
GroupCobalt, Rhodium...
35.5%
GroupChromium, Molybdenum...
35.4%
GroupVanadium, Niobium...
34.7%
GroupManganese, Technetium...
33%

You're not logged in!

Compare scores with friends on all Sporcle quizzes.
OR
Log In

You Might Also Like...

Show Comments

Extras

Top Quizzes Today


Score Distribution

Your Account Isn't Verified!

In order to create a playlist on Sporcle, you need to verify the email address you used during registration. Go to your Sporcle Settings to finish the process.

Report this User

Report this user for behavior that violates our Community Guidelines.

Details: